Welcome to the Holygrace Academy Library

Please use search bar below to get started

MARCONI (Record no. 6372)

MARC details
000 -LEADER
fixed length control field 00314nam a22001337a 4500
020 ## - INTERNATIONAL STANDARD BOOK NUMBER
ISBN 81-8022-016-8
082 ## - DEWEY DECIMAL CLASSIFICATION NUMBER
Classification number 920
Item number DEO/M
100 ## - MAIN ENTRY--AUTHOR NAME
Personal name DEO,SUBHASH G.
245 ## - TITLE STATEMENT
Title MARCONI
Remainder of title INVENTOR OF RADIO COMMUNICATION
260 ## - PUBLICATION, DISTRIBUTION, ETC. (IMPRINT)
Place of publication DELHI
Name of publisher PRIORITY PUBLICATIONS
300 ## - PHYSICAL DESCRIPTION
Number of Pages 73
650 ## - SUBJECT ADDED ENTRY--TOPICAL TERM
Topical Term BIOGRAPHY
Geographic subdivision DELHI
942 ## - ADDED ENTRY ELEMENTS (KOHA)
Koha item type Books
Holdings
Withdrawn status Lost status Collection code Home library Current library Shelving location Date acquired Source of acquisition Serial Enumeration / chronology Full call number Accession Number Koha item type
    Reference Main Library Main Library SHELF-17-L-BIOGRAPHIES & AUTOBIOGRAPHIES 07/10/2006 PURCHASE 35/- 920 DEO/M 03263 Books